| 000 | 00641nam a22002055i 4500 | ||
|---|---|---|---|
| 001 | 161686 | ||
| 003 | ES-MaACL | ||
| 005 | 20251116063110.0 | ||
| 008 | 041022s1894 phl |||| | spa d | ||
| 040 |
_aCAM _bspa _cCAM |
||
| 080 | _a821.134.2-14"18" | ||
| 100 | 1 |
_aPeñaranda Carlos, _d1848-1908 _9131101 |
|
| 245 | 1 | 0 |
_aPoesías selectas / _cCarlos Peñaranda. |
| 250 | _a[3ª ed.]. | ||
| 260 |
_aManila : _b[s.n.], _c1894 ( _fTipo-Litografia de Chofré y Cª) |
||
| 300 |
_a164, [2] p. ; _c18 cm. |
||
| 595 | _aMención de ed. tomada de la cub. | ||
| 852 |
_aES-MaACL _jG-9721 _z-- Enc. cartón |
||
| 999 |
_c161686 _d161686 |
||